000 00644nam a2200229Ia 4500
003 OSt
005 20220925210024.0
006 a|||||r|||| 00| 0
007 ta
008 220923b |||||||| |||| 00| 0 eng d
037 _cGeneral Book
040 _aRTL
_cRTL
_beng
041 _2eng
_aeng
082 _aX61, N8
100 _aKhatkhate Deena
_9271617
245 0 _aMoney and finance
_b Issues, institutions, policies
260 _aHyderabad
_bOrient Longman India
_c1998
300 _a348p.
_ccm.
650 _aEconomics-Money
_928470
942 _hX61, N8
_cGB
_2CC
999 _c553800
_d553800